Southville International School and Colleges
Your cart is empty.
  • Cart
  • Lists
    Public lists Eva Luna New books Lux_list list_1
    Your lists Log in to create your own lists
  • Log in to your account
  • Your cookies
  • Search history
Southville International School and Colleges
  • Advanced search
  • Recent comments
  • Most popular
  • Libraries

Log in to your account

Log in with GOOGLE


If you do not have an external account, but do have a local account, you can still log in:

  1. Home
  2. MARC view: Guide to business etiquette /
Normal view MARC view ISBD view

Guide to business etiquette / (Record no. 25357)

[ view plain ]
MARC details
000 -LEADER
fixed length control field 00708nam a2200229 a 4500
003 - CONTROL NUMBER IDENTIFIER
control field SISC
005 - DATE AND TIME OF LATEST TRANSACTION
control field 20170130155556.0
008 - FIXED-LENGTH DATA ELEMENTS--GENERAL INFORMATION
fixed length control field 121203s19uu xx 00 eng d
020 ## - INTERNATIONAL STANDARD BOOK NUMBER
International Standard Book Number 9780137075041
050 ## - LIBRARY OF CONGRESS CALL NUMBER
Classification number HF 5389
Item number .C655 2011
100 ## - MAIN ENTRY--PERSONAL NAME
Personal name Cook, Roy A.
245 ## - TITLE STATEMENT
Title Guide to business etiquette /
Statement of responsibility, etc Roy A. Cook, Gwen O. Cook.
250 ## - EDITION STATEMENT
Edition statement 2nd edition.
260 ## - PUBLICATION, DISTRIBUTION, ETC. (IMPRINT)
Place of publication, distribution, etc Boston, MA. ; London :
Name of publisher, distributor, etc Prentice Hall,
Date of publication, distribution, etc 2011.
300 ## - PHYSICAL DESCRIPTION
Extent xiii, 128 pages ;
Dimensions 22 cm.
440 ## - SERIES STATEMENT/ADDED ENTRY--TITLE
Title Prentice Hall guide to series in business communication.
500 ## - GENERAL NOTE
General note Includes bibliographical references and index.
650 ## - SUBJECT ADDED ENTRY--TOPICAL TERM
Topical term or geographic name as entry element Business etiquette.
700 ## - ADDED ENTRY--PERSONAL NAME
Personal name Cook, Gwen.
942 ## - ADDED ENTRY ELEMENTS (KOHA)
Koha item type Books
Source of classification or shelving scheme Library of Congress Classification
Call number prefix Foreign
Holdings
Withdrawn status Lost status Source of classification or shelving scheme Damaged status Home library Current library Shelving location Date acquired Source of acquisition Cost, normal purchase price Total Checkouts Full call number Barcode Date last seen Copy number Price effective from Koha item type
    Library of Congress Classification   College Library College Library General Circulation Section 12/03/2012 Donation 2300.00   HF 5389 .C655 2011 C15398 10/30/2014 1 10/18/2013 Books

Guide to business etiquette /

APA

Cook R. A., Cook G., . (2011). Guide to business etiquette. Boston, MA. ; London: Prentice Hall.

Chicago

Cook Roy A, Cook Gwen, . 2011. Guide to business etiquette. Boston, MA. ; London: Prentice Hall.

Harvard

Cook R. A., Cook G., . (2011). Guide to business etiquette. Boston, MA. ; London: Prentice Hall.

MLA

Cook Roy A, Cook Gwen, . Guide to business etiquette. Boston, MA. ; London: Prentice Hall. 2011.

  • Place hold
  • Print
  • Cite
  • Add to your cart (remove)
  • Save record
    BIBTEX Dublin Core MARCXML MARC (non-Unicode/MARC-8) MARC (Unicode/UTF-8) MARC (Unicode/UTF-8, Standard) MODS (XML) RIS
  • More searches
    Search for this title in:
    Other Libraries (WorldCat) Other Databases (Google Scholar) Online Stores (Bookfinder.com) Open Library (openlibrary.org)

Exporting to Dublin Core...

SOUTHVILLE LIBRARY

Southville International School and Colleges Library

1281 Tropical Ave. Cor. Luxembourg St., BF Homes International, Las Pinas City

Tel. No. 8256374 / 252358 Loc. 117/146

Powered by Koha